Pitbull Features - Sudden Death - Statistics

General Stats
  • This quiz has been taken 129 times
  • The average score is 9 of 20
Answers on the Grid
Answers color-coded by a green-red scale on the quiz's grid according to % correct below.
Fifth Harmony
Camilla Cabello
Beyonce
Tim McGraw
T-Pain
Dolly Parton
Nicki Minaj
BTS
Kesha
Christina Aguilera
Daddy Yankee
Jennifer Lopez
Taylor Swift
USHER
Mick Jagger
Flo Rida
Weird Al Yankovic
Ne-Yo
Lil Jon
Snoop Dogg
Luke Bryan
Chris Brown
Bon Jovi
Maroon 5
Ty Dolla $ign
Shakira
Jason Derulo
Enrique Iglesias
Ed Sheeran
Kendrick Lamar
 
Answer Stats
Answer % Correct
Jennifer Lopez
74%
Kesha
70%
Ne-Yo
68%
USHER
65%
Christina Aguilera
64%
T-Pain
62%
Chris Brown
58%
Flo Rida
58%
Enrique Iglesias
49%
Shakira
47%
Camilla Cabello
38%
Lil Jon
36%
Jason Derulo
34%
Fifth Harmony
27%
Daddy Yankee
26%
Ty Dolla $ign
23%
Bon Jovi
19%
Dolly Parton
18%
Tim McGraw
12%
Luke Bryan
7%
No matching quizzes found
Score Distribution
Percent of People with Each Score
Percentile by Number Answered
Your Score History
You have not taken this quiz